000 01094cam4a220028900 4500
001 tmp15761608
003 UPRA
005 20190822112411.0
007 sdubmmennuuune
008 951023s1958 enk u
028 0 2 _aALP 1626 H.M.V.
_bALP 1626 H.M.V.
035 _a(Sirsi) r51192
035 _a(UPRA)tmp15761608
040 _cUPRA
041 0 _geng
100 1 _aHaydn, Joseph, 1732-1809.
_dHaydn, Joseph, 1732-1809.
_6A9084.1
240 _a10a26.1..1.11 n26.1..13.9 r26.1..23.8
_hSound recording
245 1 4 _aThe salomon
_h[sound recording] :
_b[Symphony] no. 97 in C major.
260 _aHayes, Middlesex :
_bH.M.V.,
_c1958.
500 _aSleeve notes by Leonard Duck.
511 0 _aRoyal Philharmonic Orchestra conducted by Sir Thomas Beecham.
650 0 _aSymphonies -- To 1800.
_ySymphonies -- To 1800.
_6S6140.1
700 1 _aBeecham, Thomas, Sir, 1879-1961.
_cBeecham, Thomas, Sir, 1879-1961.
_dBeecham, Thomas, Sir, 1879-1961.
_6A9135.1
710 2 _aRoyal Philharmonic Orchestra.
_6A9137.1
949 _aM1001
_wlcc
_i-64912
_mMAIN
_tBOOK
_lON-SHELF
004 51192
999 _c132988
_d132988